000 00982cam a2200229 i 4500
005 20251221094105.0
008 250721r2008 jo gr 000 0 ara d
020 _a9789957230814
082 1 4 _a218.2
_bغ ا ن
100 1 _aابن غانم المقدسي، علي بن محمد بن علي الخزرجي الحنفي
_eمؤلف.
_d(1004-920)ه،
245 1 0 _aردع الراغب عن الجمع في صلاة الرغائب /
_cتاليف الامام نور الدين علي بن غانم المقدسي الحنفي.
246 1 1 _aCONCLUDIND DESIRE TO PREFORM : THE RAGHAIB PRATER
250 _aالطبعة الاولى.
264 3 1 _aعمان :
_bدار الفتح للدراسات و النشر،
_c2008.
300 _a56 صفحة.
650 1 7 _aالمعتقدات الاسلاميه.
650 1 7 _aالبدع.
650 1 7 _aالصلاه.
700 1 _aالمباركي، محمد بن عبد الله
_eمحقق.
942 _2ddc
_cBK
999 _c1225
_d1225